• 首页
  • 本馆介绍
  • 公告通知
  • 最新文献
  • 馆藏检索
  • 电子资源
  • 读者导购
  • 参考咨询
  • 我的图书馆
  • 登录
  • 详细信息显示
  • 放入我的书架
  • 预约/预借图书
  • 作者相关作品
  • 分类相关作品
  • 丛书相关作品
  • 出版社相关作品

书目信息

  • 表格格式
  • 工作单格式
  • 卡片格式
题名:
有序纳米结构薄膜材料
    
 
作者: 李永军 , 刘春艳 编著
分册:  
出版信息: 北京   化学工业出版社  2006
页数: 218页
开本: 24cm
丛书名:
单 册:
中图分类: TB383 , TB43
科图分类:
主题词: 纳米材料--薄膜--工程材料 , 纳米材料 , 薄膜 , 工程材料
电子资源:
ISBN: 7-5025-8197-9
000 00973nam0 2200301 450
001 003142317
005 20080303092604.60
010    @a7-5025-8197-9@dCNY35.00
035    @a003142317
100    @a20060104d2006 em y0chiy0110 ea
101 0  @achi
102    @aCN@b110000
105    @aa z 000yy
106    @ar
200 1  @a有序纳米结构薄膜材料@Ayou xu na mi jie gou bo mo cai liao@f李永军,刘春艳编著
210    @a北京@c化学工业出版社@d2006
215    @a218页@c图@d24cm
330    @a本书以制备为重点,详细介绍了金属和半导体纳米粒子、二氧化硅和聚合物纳米粒子、小分子和嵌段共聚物组装纳米结构薄膜的方法,重点介绍了刻印技术在纳米结构薄膜中的应用。
606 0  @a纳米材料@x薄膜@x工程材料
606 0  @a纳米材料
606 0  @a薄膜
606 0  @a工程材料
690    @aTB383@v4
690    @aTB43@v4
701  0 @a李永军@Ali yong jun@f(1972~)@4编著
701  0 @a刘春艳@Aliu chun yan@c(女,@f1947.4~)@4编著
801  0 @aCN@bNLC@c20080303
905    @dTB383@e189@f4
    
    有序纳米结构薄膜材料/李永军,刘春艳编著.-北京:化学工业出版社,2006
    218页:图;24cm
    
    
    ISBN 7-5025-8197-9:CNY35.00
    本书以制备为重点,详细介绍了金属和半导体纳米粒子、二氧化硅和聚合物纳米粒子、小分子和嵌段共聚物组装纳米结构薄膜的方法,重点介绍了刻印技术在纳米结构薄膜中的应用。
●
相关链接 在E读中查询图书 在五车中查询图书 在当当中查询图书 在豆瓣中查询图书


正题名:有序纳米结构薄膜材料     索取号:TB383/189         预约/预借

序号 登录号 条形码 馆藏地/架位号 状态 备注
1 0614637   206146375   第二样本阅览室/ [索取号:TB383/189] 在馆    
2 0614638   206146384   第三借阅区/ [索取号:TB383/189] 在馆    
3 0614639   206146393   第三借阅区/ [索取号:TB383/189] 在馆    
4 0614640   206146400   第三借阅区/ [索取号:TB383/189] 在馆    
唐山师范学院图书馆 欢迎您!
大连网信软件有限公司© 版权所有